00817 2200301 4500001002100000005001500021035002000036007000300056040001600059100002800075245005500103250001300158300004200171020001800213041000800231082000800239090002200247264003700269336002100306337003000327338002300357650001700380850001000397008004100407504002900448084001500477990002300492INLIS00000000000445020260525115942 a0010-0122000082ta aSPBUPDbind0 aZulfikar ZenePengarang1 aManajemen Perpustakaan :bSuatu Pendekatan Praktik a.-Cet. 2 axviii, 324 hal. :billus. ;c14x21 cm a979-98443-0-4 aind a020 a020 ZUL m L 1-15 a.--Jakarta :bSagung Seto,c2006 2rdacontentaTeks 2rdamediaaTanpa Perantara 2rdacarrieravolume 4aPerpustakaan aPUPAD260525 0  abibliografi, 301-303 hlm a020 ZUL m a6161/BR/ARPUS/2008